000 nam a22 7a 4500
999 _c7805
_d7805
008 171016b xxu||||| |||| 00| 0 eng d
100 _aMukerji.S.
_92567
245 _aGeneral Knowledge-7
260 _aNew Delhi